000 00434nam a2200169Ia 4500
008 090711s9999 xx 000 0 und d
082 _b16293
100 _aअदवंत म. ना.
245 _aपाठवणी
260 _c1965
300 _a179
600 _aअदवंत म. ना.
630 _aपाठवणी
700 _aअदवंत म. ना.
730 _aपाठवणी
942 _cBOOK
999 _c313475
_d313475